Phương pháp luận nghiên cứu

Nội dung sách nói về các khái niệm khoa học và nghiên cứu khoa học, chọn đè tài và chuẩn bị nghiên cứu, các phương pháp chọn mẫu thăm dò xã hội học,...

Đã lưu trong:
書目詳細資料
主要作者: Nguyễn Văn Lê
格式: 圖書
語言:Vietnamese
出版: Hồ Chí Minh Trẻ 1995
主題:
標簽: 添加標簽
沒有標簽, 成為第一個標記此記錄!
Thư viện lưu trữ: Thư viện Trường Đại học Nam Cần Thơ
LEADER 00905nam a22001817a 4500
001 NCT_150253
008 230531b xxu||||| |||| 00| 0 vie d
999 |c 7760  |d 7760 
082 0 4 |2 23rd ed.  |a 001.4  |b L250 
100 1 |a Nguyễn Văn Lê 
245 1 0 |a Phương pháp luận nghiên cứu   |c Nguyễn Văn Lê 
260 |a Hồ Chí Minh  |b Trẻ  |c 1995 
300 |a 199 tr.  |c 19cm 
520 3 |a Nội dung sách nói về các khái niệm khoa học và nghiên cứu khoa học, chọn đè tài và chuẩn bị nghiên cứu, các phương pháp chọn mẫu thăm dò xã hội học,... 
653 |a Quản trị kinh doanh 
942 |2 ddc  |c BK 
952 |0 0  |1 0  |2 ddc  |4 0  |6 001_400000000000000_L250  |7 0  |9 27743  |a 000001  |b 000001  |d 2023-05-31  |o 001.4 L250  |p MD.21846  |r 2023-05-31  |v 40000.00  |w 2023-05-31  |y BK 
980 |a Thư viện Trường Đại học Nam Cần Thơ